MARC details
| 000 -CABECERA |
| campo de control de longitud fija |
01005nam a2200241 a 4500 |
| 001 - NÚMERO DE CONTROL |
| campo de control |
000047837 |
| 005 - FECHA Y HORA DE LA ÚLTIMA TRANSACCIÓN |
| campo de control |
20201002060751.0 |
| 008 - DATOS DE LONGITUD FIJA--INFORMACIÓN GENERAL |
| campo de control de longitud fija |
100305s1922 dr abc 001 0 spa d |
| 040 ## - FUENTE DE LA CATALOGACIÓN |
| Centro catalogador/agencia de origen |
DO-SdBNP |
| Lengua de catalogación |
spa |
| Centro/agencia transcriptor |
BNPHU |
| 082 ## - NÚMERO DE LA CLASIFICACIÓN DECIMAL DEWEY |
| Número de clasificación |
551.097293 |
| Número de documento/Ítem |
V364g |
| 100 1# - ENTRADA PRINCIPAL--NOMBRE DE PERSONA |
| Nombre de persona |
Vaughan, Thomas Wayland, |
| Fechas asociadas al nombre |
1870-1952 |
| 9 (RLIN) |
36748 |
| 245 13 - MENCIÓN DE TÍTULO |
| Título |
Un reconocimiento geológico de la República Dominicana / |
| Mención de responsabilidad, etc. |
T. W. Vaughan, Charles Wythe Cooke, D.D. Condit, C. P. Ross [et al.]. |
| 260 ## - PUBLICACIÓN, DISTRIBUCIÓN, ETC. |
| Lugar de publicación, distribución, etc. |
Santo Domingo : |
| Nombre del editor, distribuidor, etc. |
Secretaría de Estado de Fomento y Comunicaciones de la República Dominicana, |
| Fecha de publicación, distribución, etc. |
1922 |
| Fabricante |
Washington |
| 300 ## - DESCRIPCIÓN FÍSICA |
| Extensión |
v. : |
| Otras características físicas |
il., mapas, retrs. ; |
| Dimensiones |
25 cm. |
| 500 ## - NOTA GENERAL |
| Nota general |
Incluye índice |
| 500 ## - NOTA GENERAL |
| Nota general |
La biblioteca posee el volumen 1 |
| 590 ## - NOTA LOCAL (RLIN) |
| Nota local |
Inventariado, 2018/ YL |
| 650 #4 - PUNTO DE ACCESO ADICIONAL DE MATERIA--TÉRMINO DE MATERIA |
| Término de materia o nombre geográfico como elemento de entrada |
Geología |
| Subdivisión geográfica |
República Dominicana |
| 9 (RLIN) |
1742 |
| 700 1# - PUNTO DE ACCESO ADICIONAL--NOMBRE DE PERSONA |
| Nombre de persona |
Cooke, Charles Wythe, |
| Fechas asociadas al nombre |
1887- |
| 9 (RLIN) |
57265 |
| 700 1# - PUNTO DE ACCESO ADICIONAL--NOMBRE DE PERSONA |
| Nombre de persona |
Condit, David Dale, |
| Fechas asociadas al nombre |
1886- |
| 9 (RLIN) |
75409 |
| 700 1# - PUNTO DE ACCESO ADICIONAL--NOMBRE DE PERSONA |
| Nombre de persona |
Ross, Clyde P. |
| Forma completa/desarrollada del nombre |
(Clyde Polhemus) |
| Fechas asociadas al nombre |
1891- |
| 9 (RLIN) |
57267 |
| 910 ## - DATOS DE OPCIÓN DEL USUARIO (OCLC) |
| Datos de opción del usuario |
Validado. Control de calidad MFF |